| 000 | 00660nmc a2200277 a 4500 | ||
|---|---|---|---|
| 003 | AR-BaBNM | ||
| 005 | 20251128203842.0 | ||
| 008 | 246019s1961 ||||||||||||||000 | spa|| | ||
| 040 | _cAR-BaBNM | ||
| 100 | 1 | _aSciacca, Michele Federico | |
| 245 | 1 | 0 | _aLa Clepsidra |
| 260 |
_aBuenos Aires _bColumba _c1961 |
||
| 300 | 0 |
_a103 p. _bil. |
|
| 490 | 0 | _aEsquemas | |
| 650 | 4 | _aBIOGRAFIAS | |
| 650 | 4 | _aFILOSOFIA | |
| 650 | 4 | _aHISTORIA | |
| 650 | 4 | _aHISTORIA DE LAS IDEAS | |
| 650 | 4 | _aCATOLICISMO | |
| 651 | 4 | _aItalia | |
| 651 | 4 | _aSicilia | |
| 655 | _aBIOGRAFIAS | ||
| 700 | 1 |
_aVaccaro, Alberto José _etraductor |
|
| 942 | _cBK | ||
| 998 | _cEnrique | ||
| 999 |
_c5188 _d5188 |
||